000
00250nam a2200109Ia 4500
008
190216s9999||||xx |||||||||||||| ||und||
100
_a
Sree Rampurith
245
0
_a
Hindi-Vijaya Deep
260
_b
Loksangam Prakashan
650
_a
Hindi
942
_c
BK
999
_c
15252
_d
15252